000 06868nam a22007215i 4500
001 978-981-19-2037-0
003 DE-He213
005 20260304124032.0
007 cr nn 008mamaa
008 221110s2023 si | s |||| 0|eng d
020 _a9789811920370
_9978-981-19-2037-0
024 7 _a10.1007/978-981-19-2037-0
_2doi
050 4 _aD1-2027
072 7 _aJFC
_2bicssc
072 7 _aGM
_2bicssc
072 7 _aSOC002010
_2bisacsh
072 7 _aJBCC
_2thema
072 7 _aGLZ
_2thema
082 0 4 _a363.69
_223
245 1 0 _aMartial Culture and Historical Martial Arts in Europe and Asia
_h[electronic resource] :
_bA Multi-perspective View on Sword Culture /
_cedited by Hing Chao, Daniel Jaquet, Loretta Kim.
250 _a1st ed. 2023.
264 1 _aSingapore :
_bSpringer Nature Singapore :
_bImprint: Springer,
_c2023.
300 _aXXII, 381 p. 267 illus., 230 illus. in color.
_bonline resource.
336 _atext
_btxt
_2rdacontent
337 _acomputer
_bc
_2rdamedia
338 _aonline resource
_bcr
_2rdacarrier
341 0 _bTable of contents navigation
_2onix
341 0 _bSingle logical reading order
_2onix
341 0 _bShort alternative textual descriptions
_2onix
341 0 _bUse of color is not sole means of conveying information
_2onix
341 0 _bUse of high contrast between text and background color
_2onix
341 0 _bNext / Previous structural navigation
_2onix
341 0 _bAll non-decorative content supports reading without sight
_2onix
347 _atext file
_bPDF
_2rda
490 1 _aMartial Studies,
_x2662-1444 ;
_v2
505 0 _aPart 1 : Sword Culture from Socio-historic Perspectives -- Chapter 1 - Stratification in Italian Martial Culture (Roberto Gotti & Enrico Valseriati) -- Chapter 2 - Development of the Yanlingdao from the Yuan to Qing dynasty (Gong Jian) -- Chapter 3 - Daniel Jaquet, The Rise of the Two-Handed Sword in the Age of Staff-Weapons -- Chapter 4 - Ma Lianzhen, The Origin of the Two-Handed Sword in China -- Part 2: Fight Books: the Transmission and Interpretation of Knowledge -- Chapter 5 - Omar Ma, Ming Dynasty Chinese Fencing Treatises -- Chapter 6 - Miriam Vogelaar, Fabris’s 1606 Fencing Manual: an Analytical Bibliographical Study -- Chapter 7 - Manuel Valle Ortiz, The Ferrara Manuscript: Destreza and Vulgar -- Part 3: Material Culture: Weapons, Technology, & Aesthetics -- Chapter 8 - Hu Xiaojun, Rediscovering Swordmaking Techniques of Ancient China: Insights from Reconstructing a Han-Dynasty Ring-Pommel Dao -- Chapter 9 - Gabriele Tonelli, Historical Sword-making Techniques in Northern Italy in the XVI and XVII Centuries -- part 4 : Classical Martial Art Traditions -- Chapter 10 - Ma Lianzhen, Duanbing and the History of Fencing in China -- Chapter 11 - Jacopo Penso, Interpreting Achille Marozzo’s System of Sword-fighting: A Contemporary Case Study -- Chapter 12 - Axel Pettersson, Applying Pedagogic Methods in Historic European Martial Arts. .
506 0 _aOpen Access
520 _aThis open access book is the first publication to provide a comparative framework for the study of martial culture and historical martial arts in Europe and Asia, in particular in Italy and China. Due to the interdisciplinary nature of martial studies, contributors to this volume include historians, archeologists, art historians, scholars of fencing literature, metallurgists, as well as contemporary master swordsmiths and masters-of-arms in historical martial arts. Assembling researchers from these diverse fields, this book offers a multi-perspectival and dynamic view of martial culture across time and space. The cross-cultural and interdisciplinary significance of this book cannot be overemphasized. Whereas a number of contributors are internationally recognized and, indeed, leading authorities in their respective fields; for example, Jeffrey Shaw has been a world-leading new media artist and scholar since the 1970s, while Ma Mingda is a well-known historian and the contemporary founder of Chinese martial studies; and while there are significant overlaps in their research interests, this book brings their research within a single volume for the first time. Equally significant, the book is structured in such a way to reflect the various core aspects of martial studies, particularly in relation to the study of historic sword culture, including history, culture, philosophy, literature and knowledge transmission, material culture, as well as the technical aspects of historical fencing. As one of the first titles on martial studies, this book becomes a reference not only for scholars taking an interest in this subject, but also for historians; scholars with interest in Chinese and/or Italian history (particularly of the Medieval or early modern periods), the history of international relations in Asia / Far East; anthropologists; scholars of martial (arts) studies and researchers in sword-making and/or historic metallurgy.
532 8 _aAccessibility summary: This PDF does not fully comply with PDF/UA standards, but does feature limited screen reader support, described non-text content (images, graphs), bookmarks for easy navigation and searchable, selectable text. Users of assistive technologies may experience difficulty navigating or interpreting content in this document. We recognize the importance of accessibility, and we welcome queries about accessibility for any of our products. If you have a question or an access need, please get in touch with us at accessibilitysupport@springernature.com.
532 8 _aNo reading system accessibility options actively disabled
532 8 _aPublisher contact for further accessibility information: accessibilitysupport@springernature.com
650 0 _aCultural property.
650 0 _aDigital humanities.
650 0 _aEthnology.
_983
650 1 4 _aCultural Heritage.
650 2 4 _aDigital Humanities.
650 2 4 _aSociocultural Anthropology.
700 1 _aChao, Hing.
_eeditor.
_4edt
_4http://id.loc.gov/vocabulary/relators/edt
_923499
700 1 _aJaquet, Daniel.
_eeditor.
_4edt
_4http://id.loc.gov/vocabulary/relators/edt
_923500
700 1 _aKim, Loretta.
_eeditor.
_0(orcid)0000-0002-9033-4914
_1https://orcid.org/0000-0002-9033-4914
_4edt
_4http://id.loc.gov/vocabulary/relators/edt
_923501
710 2 _aSpringerLink (Online service)
773 0 _tSpringer Nature eBook
776 0 8 _iPrinted edition:
_z9789811920363
776 0 8 _iPrinted edition:
_z9789811920387
776 0 8 _iPrinted edition:
_z9789811920394
830 0 _aMartial Studies,
_x2662-1444 ;
_v2
_923502
856 4 0 _uhttps://doi.org/10.1007/978-981-19-2037-0
912 _aZDB-2-LCM
912 _aZDB-2-SXL
912 _aZDB-2-SOB
999 _c579785
_d579785